Ägyptologische Studien : [Hermann Grapow zum 70. Geburtstag gewidmet] /
Main Author:
Format: Book
Language: German
Published:
Berlin :
Akademie-Verlag,
1955.
Series:
Deutsche Akademie der Wissenschaften zu Berlin. Institut für Orientforschung, Veröffentlichung ;
29.
Subjects:
Tags: Add Tag
Call Number: DT57.5 .F5 1955
| LEADER | 00910namaa2200241 4500 | ||
|---|---|---|---|
| 001 | 19072 | ||
| 003 | OSt | ||
| 005 | 20260423124455.0 | ||
| 008 | 130303s1955 gw 000 0 ger d | ||
| 010 | |a 56036301 | ||
| 040 | |c ARCE Library | ||
| 050 | 4 | |a DT57.5 .F5 1955 | |
| 100 | 1 | |a Firchow, Otto, |d 1912-, |e author |9 30037 | |
| 245 | 1 | 0 | |a Ägyptologische Studien : |b [Hermann Grapow zum 70. Geburtstag gewidmet] / |c hrsg. von O. Firchow. |n |
| 264 | 1 | |a Berlin : |b Akademie-Verlag, |c 1955. | |
| 300 | |a xiv, 425 pages ; |c 30 cm. | ||
| 440 | |x Deutsche Akademie der Wissenschaften zu Berlin. Institut für Orientforschung, Veröffentlichung |v Nr. 29 | ||
| 490 | 0 | |a Deutsche Akademie der Wissenschaften zu Berlin. Institut für Orientforschung, Veröffentlichung ; |v 29. | |
| 600 | 1 | 0 | |a Grapow, Hermann, |d 1885-1967, |v Bibliography. |
| 650 | 0 | |a Egyptology. | |
| 901 | |a reviewed | ||
| 942 | |c BK |2 lcc | ||
| 999 | |c 16091 |d 16091 | ||
